banner-ar

الضباب : (Record no. 66009)

MARC details
000 -الفاتح
حقل البيانات ثابتة الطول 00764nam a22002297a 4500
005 - وقت وتاريخ اخر تعامل مع التسجيلة
رقم الضبط 20240530110854.0
008 - عناصر البيانات ثابتة الطول - معلومات عامة
حقل البيانات ثابتة الطول 210928s2021 ua o f 000 f ara d
017 ## - رقم الايداع القانونى
رقم الايداع القانونى 2021/5911
المصدر ( الهيئة المختصة) مصر. دار الكتب
020 ## - الرقم الدولى المعيارى للكتب
الرقم الدولى المعيارى للكتاب 9789779086781
040 ## - مصدر الفهرسة
وكالة الفهرسة الأصلية EG-CaGPL
وكالة النسخ EG-CaGPL
082 04 - رقم تصنيف ديوى العشرى
رقم الطبعة 21
رقم التصنيف 813.03/
رقم المادة ح ض
100 0# - المدخل الرئيسى - إسم شخصى
الإسم الشخصى حسن الشامى
245 12 - بيان العنوان
العنوان الضباب :
بقية العنوان روايه /
بيان المسئوليه,etc حسن الشامى
250 ## - بيان الطبعة
بيان الطبعة ط. 3
260 ## - PUBLICATION, DISTRIBUTION, ETC. (IMPRINT)
تاريخ النشر أو التوزيع 2021.
300 ## - الوصف المادى
التعداد 144 ص. :
تفاصيل ماديه اخرى للوعاء صور؛
أبعاد الوعاء 19 سم.
650 07 - المدخل الاضافى بالموضوع-مصطلح موضوعى
مصدر الرأس أو المصطلح qrmak
مصطلح موضوعي الادب العربى
650 07 - المدخل الاضافى بالموضوع-مصطلح موضوعى
مصدر الرأس أو المصطلح qrmak
مصطلح موضوعي القصص العربية
651 ## - المدخل الاضافى بالموضوع - اسم جغرافى
مصدر الرأس أو المصطلح qrmak
942 ## - عناصر المدخل الإضافي( كوها)
مصدر التصنيف او مخطط الترفيف Dewey Decimal Classification
Koha [default] item type كتاب
260 ## - PUBLICATION, DISTRIBUTION, ETC. (IMPRINT)
-- القاهرة :
-- الجمعية المصرية للتنمية العلمية والتكنولوجية،
Holdings
حالة التراجع حالة الفقد حالة تلف ليس للاعارة المكان المؤقت الموقع الحالى موقع الترفيف تاريخ الاكتساب اجمالي اﻻعارات رقم الطلب الباركود تاريخ اخر مشاهدة تاريخ تفعيل السعر نوع وعاء كوها
        مكتبة القاهرة الكبرى مكتبة القاهرة الكبرى القاعة الرئيسية 09/28/2021   813.03/ ح ض 167146 09/28/2021 09/28/2021 كتاب

Powered By

EGPV